Indian Press (Record no. 6269)

MARC details
000 -LEADER
fixed length control field 00357nam a2200133Ia 4500
022 ## - INTERNATIONAL STANDARD SERIAL NUMBER
ISSN 0445-801x
245 #0 - TITLE STATEMENT
Title Indian Press
260 ## - PUBLICATION, DISTRIBUTION, ETC. (IMPRINT)
Name of publisher Indian and Eastern Newspapers Society
Place of publication New Delhi
310 ## - CURRENT PUBLICATION FREQUENCY
Current publication frequency M
500 ## - GENERAL NOTE
General note Ending Volume & Year: 5, 1978
500 ## - GENERAL NOTE
General note Starting Volume & Year: 4, 1977
942 ## - ADDED ENTRY ELEMENTS (KOHA)
Koha item type Bound Journal
Holdings
Withdrawn status Lost status Damaged status Not for loan Home library Current library Date acquired Accession Number Koha item type
      Bound journals RRII Library RRII Library 31/12/2021 06247J Bound Journal